| 000 | 00408nam a22001337a 4500 | ||
|---|---|---|---|
| 020 | _qHB. | ||
| 040 | _cFIZZA ISHAQ | ||
| 082 |
_a909 _bWIL |
||
| 100 |
_aWilliams , Henry Smith. _9134324 |
||
| 245 |
_aThe historians' history of the world in twenty-five volumes, volume 09 Italy / _cHenry Smith Williams. |
||
| 250 | _aVoI : IX | ||
| 260 |
_aNew York: _bPress of J. J. Little & Co, _c1904. |
||
| 942 |
_2ddc _cBK |
||
| 999 |
_c617298 _d617298 |
||